Daň silniční a katalyzátory. Možnosti osvobození od placení v letošním roce se liší od postupu v dalších letech.
Daňová povinnosť v oblasti cestnej premávky výpočet dane prípadne oslobodenie od dane. Ekologická premávka. Možnosti oslobodenia od dane u vozidiel, ktoré spĺňajú limity stanovené zvláštnymi predpismi EHK OSN. Uplatnenie nároku na oslobodenie od dane podľa zákona č.16/1993 Sb.
Gespeichert in:
| 1. Verfasser: | |
|---|---|
| Format: | Buchkapitel |
| Sprache: | Tschechisch |
| Schlagworte: | |
| Tags: |
Keine Tags, Fügen Sie das erste Tag hinzu!
|
MARC
| LEADER | 00000naa a2200000 4500 | ||
|---|---|---|---|
| 001 | r013001 | ||
| 005 | 20221213081124.3 | ||
| 041 | 0 | |a cze | |
| 044 | |a CZ | ||
| 245 | 1 | 0 | |a Daň silniční a katalyzátory. |b Možnosti osvobození od placení v letošním roce se liší od postupu v dalších letech. |c A. Koutná |
| 520 | |a Daňová povinnosť v oblasti cestnej premávky výpočet dane prípadne oslobodenie od dane. Ekologická premávka. Možnosti oslobodenia od dane u vozidiel, ktoré spĺňajú limity stanovené zvláštnymi predpismi EHK OSN. Uplatnenie nároku na oslobodenie od dane podľa zákona č.16/1993 Sb. | ||
| 610 | 2 | 0 | |a dane cestné |
| 610 | 2 | 0 | |a ekológia |
| 610 | 2 | 0 | |a úľavy daňové |
| 610 | 2 | 0 | |a zákony |
| 610 | 2 | 0 | |a Čechy |
| 610 | 2 | 0 | |a 1993 |
| 100 | 1 | |a Koutná, A. | |